LEADER 01064nam a2200253 i 4500 001 000000156820 003 CaOOAMICUS 005 20061214000000.0 008 061214s1978 it u000 u ita u 013 $a134175 040 $aSeMil$bita 245 12$aL'opera completa di Jusepe de Ribera /$cpresentazione di Alfonso E. Pérez Sánchez ; apparati critici e filologici di Nicola Spinosa. 260 $aMilano :$bRizzoli,$c1978. 300 $a148 p. :$bill. ;$c32 cm. 490 0 $aClassici dell'arte ;$v97 500 $aContiene : Bibliografia. 700 1 $aSpinosa, Nicola.$0(OLS)http://semarc/name/46800 700 1 $aPérez Sánchez, Alfonso E.$0(OLS)http://semarc/name/45383 830 0$aClassici dell'arte ;$v97.$0(OLS)http://semarc/title/529 850 $aSeMil 852 $aSeMil$W1$xVenegono$y1$m5M XI 29$j108569$B108569$CSeMilBibl$Z2$F118118 $81 961 $aOmaggio: Ciprandi dott. Paolo 996 $6245$aL'opera completa di Jusepe de Ribera$9(OLS)http://semarc/title/229905 996 $6260$aMilano :$bRizzoli$9(OLS)http://semarc/publisher/29824 LEADER 01431nam a2200313 i 4500 001 000000126195 003 CaOOAMICUS 005 20060104000000.0 008 060104s1984 it u000 u ita u 013 $a98897 040 $aSeMil$bita 100 1 $aKindleberger, Charles P.$0(OLS)http://semarc/name/26720 240 12$aA financial history of Western Europe.$0(OLS)http://semarc/title/185984 245 10$aStoria della finanza nell'Europa occidentale /$cCharles P. Kindleberger. 260 $aRoma ; Bari :$bLaterza,$ccopyr. 1984. 260 $aMilano :$bCARIPLO,$ccopyr. 1984. 300 $aXVII, 713 p. ;$c24 cm. 490 0 $aStudi di storia monetaria e finanziaria moderna ;$v5 500 $aIn cop. : Presentazione di Jack Revell. - Fondo Card. C.M. Martini. 650 4$aFinanza - Europa - Storia.$0(OLS)http://semarc/subject/24616 700 1 $aPesce, Oliviero.$0(OLS)http://semarc/name/52426 830 0$aStudi di storia monetaria e finanziaria moderna ;$v5.$0(OLS)http://semarc/title/17082 850 $aSeMil 852 $aSeMil$W1$xVenegono$y1$m3M V 61$j80588$B80588$CSeMilBibl$Z2$F108267 $81 941 1 $a4 961 $aOmaggio: Martini Card. Carlo Maria 996 $6245$aStoria della finanza nell'Europa occidentale$9(OLS)http://semarc/title/185983 996 $6260$aMilano :$bCARIPLO$9(OLS)http://semarc/publisher/29807 996 $6260$aRoma ; Bari :$bLaterza$9(OLS)http://semarc/publisher/30305